Famous Lovers - Statistics

General Stats
  • This quiz has been taken 59 times
    49 since last reset
  • The average score is 11 of 24
Answer Stats
Hint Source Partner % Correct
Mickey Mouse Disney Minnie
100%
Marge Simpson The Simpsons Homer
95%
Popeye Popeye Olive Oyl
77%
Clark Kent DC Comics Lois Lane
74%
Fred Flintstone The Flinstones Wilma
74%
Donald Duck Disney Daisy
72%
Rachel Friends Ross
70%
Bert Sesame Street Ernie
67%
Morticia Adamms The Adamms Family Gomez
56%
Carrie Sex and the City Mr. Big
49%
Spiderman Marvel Comics MJ
44%
Lucy Ricardo I Love Lucy Ricky
40%
Cleopatra Egyptian History Marc Antony
33%
Napoleon French History Josephine
30%
Robin Hood Folklore Maid Marion
30%
Jim The Office Pam
26%
Jesse Full House Becky
21%
Lancelot Folklore Guinevere
21%
Florida Good Times James
19%
Betty Rubble The Flintstones Barnie
16%
Buffy Buffy the Vampire Slayer Angel
14%
Orpheus Greek Myth Eurydice
12%
Maggie The Walking Dead Glenn
12%
Kate Lost Jack
7%
No matching quizzes found
Score Distribution
Percent of People with Each Score
Percentile by Number Answered
Your Score History
You have not taken this quiz since the last reset